Music Quiz

Random Music or Rock Quiz

Lynyrd Skynyrd Albums Quiz Stats

 Plays Quiz Updated Apr 2, 2020

     
Support Sporcle.
Go Orange.
Score 0/14 Timer 05:00
0 Plays Today
Year Album % Correct
1973(pronounced 'lĕh-'nérd 'skin-'nérd)
81.6%
1974Second Helping
68.6%
1977Street Survivors
67.8%
1976Gimme Back My Bullets
52.6%
2009God & Guns
39.8%
1975Nuthin' Fancy
38.5%
2012Last of a Dyin' Breed
31.9%
Year Album % Correct
2003Vicious Cycle
23.9%
1997Twenty
22.4%
1993The Last Rebel
22.1%
1991Lynyrd Skynyrd 1991
18.2%
1999Edge of Forever
15.8%
2000Christmas Time Again
12.8%
1994Endangered Species
12.1%

From the Vault

World Capital or LoL Champ?

by nickelodeonfan

Gaming 5m
It helps if you know one of the topics really well.
Remove Ads.
Support Sporcle.
Get the best of Sporcle when you Go Orange. This ad-free experience offers more features, more stats, and more fun while also helping to support Sporcle. Thank you for becoming a member.

Show Comments

Extras

Top Quizzes Today


Score Distribution

Your Account Isn't Verified!

In order to create a playlist on Sporcle, you need to verify the email address you used during registration. Go to your Sporcle Settings to finish the process.

Report this User

Report this user for behavior that violates our Community Guidelines.

Details: